<?xml version="1.0" encoding="UTF-8"?><?xml-stylesheet type="text/xsl" href="static/style.xsl"?><OAI-PMH xmlns="http://www.openarchives.org/OAI/2.0/" xmlns:xsi="http://www.w3.org/2001/XMLSchema-instance" xsi:schemaLocation="http://www.openarchives.org/OAI/2.0/ http://www.openarchives.org/OAI/2.0/OAI-PMH.xsd"><responseDate>2026-04-27T12:50:34Z</responseDate><request verb="GetRecord" identifier="oai:uvadoc.uva.es:10324/44332" metadataPrefix="marc">https://uvadoc.uva.es/oai/request</request><GetRecord><record><header><identifier>oai:uvadoc.uva.es:10324/44332</identifier><datestamp>2025-03-26T19:45:15Z</datestamp><setSpec>com_10324_7462</setSpec><setSpec>com_10324_5186</setSpec><setSpec>com_10324_29291</setSpec><setSpec>col_10324_44324</setSpec></header><metadata><record xmlns="http://www.loc.gov/MARC21/slim" xmlns:doc="http://www.lyncode.com/xoai" xmlns:xsi="http://www.w3.org/2001/XMLSchema-instance" xmlns:dcterms="http://purl.org/dc/terms/" xsi:schemaLocation="http://www.loc.gov/MARC21/slim http://www.loc.gov/standards/marcxml/schema/MARC21slim.xsd">
<leader>00925njm 22002777a 4500</leader>
<datafield tag="042" ind1=" " ind2=" ">
<subfield code="a">dc</subfield>
</datafield>
<datafield tag="720" ind1=" " ind2=" ">
<subfield code="a">Rivasplata Varillas, Paula Ermila</subfield>
<subfield code="e">author</subfield>
</datafield>
<datafield tag="260" ind1=" " ind2=" ">
<subfield code="c">2020</subfield>
</datafield>
<datafield tag="520" ind1=" " ind2=" ">
<subfield code="a">Este trabajo trata de la Casa Pía de la Misericordia de Sevilla, una institución que entregó diferentes tipos de dotes pías según voluntades testamentarias desde fines de la Baja Edad Media a comienzos de la Contemporaneidad. Esta investigación busca indagar quienes entregaban y recibían estas dotes y por qué eran merecedores de hacerlo, así como revelar algunas de las características de las dotes entregadas por esta institución</subfield>
</datafield>
<datafield tag="024" ind2=" " ind1="8">
<subfield code="a">Investigaciones Históricas. Época Moderna y Contemporánea; Núm. 40 (2020) pags. 315-352</subfield>
</datafield>
<datafield tag="024" ind2=" " ind1="8">
<subfield code="a">2530-6472</subfield>
</datafield>
<datafield tag="024" ind2=" " ind1="8">
<subfield code="a">http://uvadoc.uva.es/handle/10324/44332</subfield>
</datafield>
<datafield tag="024" ind2=" " ind1="8">
<subfield code="a">10.24197/ihemc.40.2020.315-352</subfield>
</datafield>
<datafield tag="024" ind2=" " ind1="8">
<subfield code="a">315</subfield>
</datafield>
<datafield tag="024" ind2=" " ind1="8">
<subfield code="a">40</subfield>
</datafield>
<datafield tag="024" ind2=" " ind1="8">
<subfield code="a">352</subfield>
</datafield>
<datafield ind1=" " ind2=" " tag="653">
<subfield code="a">Historia moderna y contemporánea</subfield>
</datafield>
<datafield tag="245" ind1="0" ind2="0">
<subfield code="a">Honor entre iguales en el Antiguo Régimen: las dotes de la Casa de la Misericordia de Sevilla</subfield>
</datafield>
</record></metadata></record></GetRecord></OAI-PMH>